000
00224nam a22000857a 4500
008
170601b xxu||||| |||| 00| 0 eng d
100
_9
3198
_a
Chakraborty. A. K
245
_a
The Story of Electrycity
260
_a
New Delhi
_b
CBT
_c
1985
999
_c
6510
_d
6510